000 00483nam a2200157 i 4500
001 bg
245 0 _aAkcja "Wisła" :
_bdokumenty /
_coprac. Eugeniusz Misiło.
260 _aWarszawa :
_bArchiwum Ukraińskie. Zakł. Wydaw. "Tyrsa",
_c1993.
300 _a524 s. :
_bfaks., fot., portr ;
_c24 cm.
700 1 _aMisiło, Eugeniusz.
_eOprac.
040 _cBPK
041 _apol
080 _a943.8.083:947.7]"1944/1948"(093)
942 _cKS
008 s pl f |000 0 pol
999 _c29811
_d29811
856 _uhttp://koha.tu.koszalin.pl/cgi-bin/koha/opac-detail.pl?biblionumber=29811
_yKatalog online BPK